[Event "EU-ch U16 28th"]
[Site "Riga"]
[Date "2018.08.27"]
[Round "7"]
[White "Zarubitski, Viachaslau"]
[Black "Postnikov, Roman"]
[Result "1-0"]
[WhiteElo "2416"]
[BlackElo "2070"]
[PlyCount "47"]
[EventDate "2018.08.20"]
[EventType "swiss"]
[EventRounds "9"]
[EventCountry "LAT"]
[SourceTitle "CBM 186 Extra"]
[Source "ChessBase"]
[SourceDate "2018.08.24"]
[SourceVersion "1"]
[SourceVersionDate "2018.08.24"]
[SourceQuality "1"]

1. d4 d5 2. Bf4 e6 3. e3 Nf6 4. Nf3 Bd6 5. Bg3 0-0 6. Nbd2 c5 7. c3 Qc7 8. Bxd6 Qxd6 9. Ne5 Nc6 10. f4 Rb8 11. Bd3 b5 12. g4 b4 13. g5 Nd7 14. Rg1 Ndxe5 15. fxe5 Qe7 16. Bxh7+ Kxh7 17. Qh5+ Kg8 18. Rg3 g6 19. Qh6 bxc3 20. Rh3 cxd2+ 21. Kd1 f6 22. gxf6 Rxf6 23. Qh8+ Kf7 24. Rh7# 1-0

[Event "RUS-chT U14"]
[Site "Sochi"]
[Date "2017.05.07"]
[Round "6.1"]
[White "Garifzyanov, Niyaz"]
[Black "Postnikov, Roman"]
[Result "0-1"]
[WhiteElo "1874"]
[BlackElo "2082"]
[PlyCount "70"]
[EventDate "2017.05.01"]
[EventType "team-tourn"]
[EventRounds "9"]
[EventCountry "RUS"]
[SourceTitle "CBM 178 Extra"]
[Source "ChessBase"]
[SourceDate "2017.06.22"]
[SourceVersion "1"]
[SourceVersionDate "2017.06.22"]
[SourceQuality "1"]

1. d4 Nf6 2. c4 g6 3. Nc3 Bg7 4. Nf3 0-0 5. g3 d6 6. Bg2 Nbd7 7. 0-0 c6 8. e4 e5 9. h3 Qb6 10. d5 Nc5 11. Ne1 Qb4 12. Qe2 a5 13. Be3 cxd5 14. Bxc5 Qxc5 15. cxd5 Bd7 16. a4 Rfc8 17. Nd3 Qb6 18. Qe3 Qxe3 19. fxe3 Rc4 20. Rfc1 Rac8 21. Nb5 Bf8 22. b3 Rc2 23. Rxc2 Rxc2 24. Rc1 Rd2 25. Nf2 Bxb5 26. axb5 Nd7 27. Bf1 Nc5 28. Bc4 Rb2 29. Rc3 Rxf2 30. Kxf2 Nxe4+ 31. Kf3 Nxc3 32. b6 Be7 33. e4 Bd8 34. Ke3 Bxb6+ 35. Kd3 Bd4 0-1